[Event "Latin Cup"]
[Site "Montevideo"]
[Date "2011.11.02"]
[Round "2"]
[White "Bassan, Remo"]
[Black "Garcia, Luis E"]
[Result "1-0"]
[WhiteElo "2255"]
[BlackElo "2053"]
[PlyCount "121"]
[EventDate "2011.11.01"]
[EventType "swiss"]
[EventRounds "9"]
[EventCountry "URU"]
[SourceTitle "EXT 2012"]
[Source "ChessBase"]
[SourceDate "2011.11.24"]
[SourceVersion "1"]
[SourceVersionDate "2011.11.24"]
[SourceQuality "1"]

1. e4 c5 2. Nf3 d6 3. d4 cxd4 4. Nxd4 Nf6 5. Nc3 a6 6. Bc4 e6 7. Bb3 Nbd7 8. Bg5 Nc5 9. f4 Be7 10. Qf3 Qc7 11. 0-0-0 0-0 12. f5 Bd7 13. Kb1 b5 14. a3 Rab8 15. Rhf1 a5 16. fxe6 fxe6 17. Nf5 Bc6 18. Nxe7+ Qxe7 19. Qg3 Nxb3 20. Rxf6 Rxf6 21. Bxf6 Qxf6 22. Qxd6 Rc8 23. cxb3 Qg6 24. Rd4 h6 25. g3 Kh7 26. b4 axb4 27. Rxb4 Kh8 28. Ka2 Qe8 29. Rd4 Qf7 30. Ka1 Qf1+ 31. Rd1 Qf7 32. Qf4 Qb7 33. e5 Ra8 34. Qb4 Re8 35. Ka2 Kg8 36. Rd6 Kf7 37. Ka1 Re7 38. Qc5 Be8 39. Rd4 Bc6 40. Rd6 Be8 41. Rb6 Qh1+ 42. Ka2 Rb7 43. Ra6 Qg2 44. Qd6 Bd7 45. Ra8 Be8 46. Qb4 Bc6 47. Rf8+ Kg6 48. Qg4+ Kh7 49. Qxe6 b4 50. Qf5+ g6 51. Rf7+ Rxf7 52. Qxf7+ Kh8 53. Qf8+ Kh7 54. Qf7+ Kh8 55. axb4 Qh1 56. Qf8+ Kh7 57. Qe7+ Kg8 58. Qd6 Kg7 59. e6 Qf3 60. b5 Be8 61. Qe7+ 1-0

[Event "URU-ch sf-B"]
[Site "Montevideo"]
[Date "2003.04.26"]
[Round "2"]
[White "Garcia, Luis E"]
[Black "Carvalho, Guillermo"]
[Result "0-1"]
[WhiteElo "2195"]
[BlackElo "2371"]
[PlyCount "82"]
[EventDate "2003.04.25"]
[EventType "tourn"]
[EventRounds "5"]
[EventCountry "URU"]
[SourceTitle "EXT 2004"]
[Source "ChessBase"]
[SourceDate "2003.11.25"]
[SourceVersion "1"]
[SourceVersionDate "2003.11.25"]
[SourceQuality "1"]

1. d4 d5 2. c4 e6 3. Nc3 c5 4. cxd5 cxd4 5. Qa4+ Bd7 6. Qxd4 exd5 7. Qxd5 Nc6 8. Nf3 Nf6 9. Qd1 Bc5 10. e3 Qe7 11. Be2 0-0-0 12. 0-0 g5 13. a3 g4 14. Nd4 h5 15. b4 Bb6 16. b5 Na5 17. Qc2 Kb8 18. Rd1 h4 19. Bf1 Rc8 20. Qd3 Qe5 21. Nce2 Nc4 22. Ra2 Rhd8 23. Qb3 Ne4 24. Nf4 Na5 25. Qxf7 g3 26. Nf3 gxf2+ 27. Kh1 Qc5 28. Nd5 Qxc1 29. Rxc1 Rxc1 30. Rxf2 Nxf2+ 31. Kg1 Bxb5 32. Nd2 Nd3 33. Nxb6 axb6 34. Qf5 Nc5 35. Qe5+ Ka7 36. Qb2 Ncb3 37. Qxc1 Nxc1 38. Bxb5 Rxd2 39. Kf1 Rb2 40. a4 Nc6 41. e4 Na5 0-1

[Event "Bogota Telecom"]
[Site "Bogota"]
[Date "1997.??.??"]
[Round "4"]
[White "Brito, Luismar Jorge"]
[Black "Garcia, Luis E"]
[Result "1/2-1/2"]
[WhiteElo "2370"]
[BlackElo "2290"]
[PlyCount "69"]
[EventDate "1997.??.??"]
[EventType "tourn"]
[EventRounds "12"]
[EventCountry "COL"]
[SourceTitle "EXT 1998"]
[Source "ChessBase"]
[SourceDate "1997.11.17"]
[SourceVersion "1"]
[SourceVersionDate "1997.11.17"]
[SourceQuality "1"]

1. e4 c5 2. Nf3 Nc6 3. d4 cxd4 4. Nxd4 g6 5. Nc3 Bg7 6. Be3 Nf6 7. Bc4 Qa5 8. 0-0 Qb4 9. Bb3 Nxe4 10. Nxe4 Nxd4 11. c3 Ne2+ 12. Qxe2 Qxe4 13. Rad1 0-0 14. Rfe1 e6 15. Qd2 Qf5 16. Bd4 d5 17. Bxg7 Kxg7 18. Re3 Bd7 19. Rf3 Qe5 20. Re1 Qd6 21. Rh3 Rh8 22. Qh6+ Kg8 23. Rhe3 Re8 24. h4 Qf8 25. Qf4 h5 26. Qd4 a6 27. f4 Qg7 28. Bxd5 Qxd4 29. cxd4 Rb8 30. Bb3 Bc6 31. Re5 Rd8 32. d5 exd5 33. f5 Kg7 34. fxg6 fxg6 35. Rg5 1/2-1/2

[Event "New York Heraldica"]
[Site "New York"]
[Date "1980.05.11"]
[Round "1"]
[White "Garcia, Luis E"]
[Black "Alburt, Lev O"]
[Result "0-1"]
[WhiteElo "2370"]
[BlackElo "2515"]
[PlyCount "128"]
[EventDate "1980.05.11"]
[EventType "tourn"]
[EventRounds "11"]
[EventCountry "USA"]
[EventCategory "8"]
[SourceTitle "EXT 2004"]
[Source "ChessBase"]
[SourceDate "2003.11.25"]
[SourceVersion "1"]
[SourceVersionDate "2003.11.25"]
[SourceQuality "1"]

1. d4 Nf6 2. Nf3 c5 3. g3 cxd4 4. Nxd4 e5 5. Nb3 d5 6. Bg2 h6 7. 0-0 Be7 8. c4 d4 9. e3 d3 10. Nc3 Nc6 11. Nd5 Bf5 12. e4 Nxe4 13. Qxd3 Nd6 14. Qe2 0-0 15. Rd1 Be6 16. c5 Nf5 17. Nf6+ Bxf6 18. Rxd8 Raxd8 19. Be3 Rd7 20. Rd1 Bc4 21. Qg4 Rxd1+ 22. Qxd1 Rd8 23. Qg4 Nfd4 24. Nxd4 exd4 25. Bd2 Bxa2 26. Be4 d3 27. Qf5 Bxb2 28. Bxd3 Ne5 29. c6 Nxc6 30. Be3 g6 31. Qb5 Bg7 32. Be2 Bd5 33. h3 Nd4 34. Bxd4 Bxd4 35. Qa5 Bb6 36. Qa3 Bc6 37. Qc3 Rd5 38. g4 Rc5 39. Qd2 Ra5 40. Qb2 Ra4 41. Qf6 Ra2 42. Kf1 Bg2+ 43. Kxg2 Rxe2 44. Qc3 Kh7 45. Qc8 Rxf2+ 46. Kg3 Kg7 47. Qxb7 Rd2 48. Qc6 Rd3+ 49. Kg2 Ra3 50. Qd5 Ra5 51. Qd7 Ra2+ 52. Kg3 Ra3+ 53. Kg2 Bc5 54. Qd2 a5 55. Qb2+ Kg8 56. Qb8+ Bf8 57. h4 a4 58. h5 g5 59. Qb5 Ra2+ 60. Kf3 a3 61. Qa6 Rc2 62. Kg3 a2 63. Kh3 Rc3+ 64. Kg2 Ra3 0-1

[Event "New York Heraldica"]
[Site "New York"]
[Date "1980.??.??"]
[Round "7"]
[White "Piasetski, Leon David"]
[Black "Garcia, Luis E"]
[Result "1-0"]
[WhiteElo "2420"]
[BlackElo "2370"]
[PlyCount "102"]
[EventDate "1980.05.11"]
[EventType "tourn"]
[EventRounds "11"]
[EventCountry "USA"]
[EventCategory "8"]
[SourceTitle "EXT 2004"]
[Source "ChessBase"]
[SourceDate "2003.11.25"]
[SourceVersion "1"]
[SourceVersionDate "2003.11.25"]
[SourceQuality "1"]

1. c4 Nf6 2. Nc3 g6 3. e4 d6 4. d4 Bg7 5. f3 c6 6. Be3 a6 7. a4 a5 8. Bd3 Na6 9. Rc1 e5 10. Nge2 0-0 11. Qd2 exd4 12. Nxd4 Re8 13. 0-0 Nb4 14. Bb1 d5 15. cxd5 cxd5 16. e5 Nd7 17. Ncb5 Nxe5 18. b3 Nec6 19. Bg5 f6 20. Bf4 Nxd4 21. Qxd4 f5 22. Qd2 Be6 23. Nc7 d4 24. Rfe1 Bf7 25. Rxe8+ Bxe8 26. Nxa8 Qxa8 27. Bd3 Nxd3 28. Qxd3 Qd8 29. Re1 Bf7 30. Bd2 Qd5 31. Re7 Bf8 32. Rc7 Bc5 33. Bh6 Be8 34. Kf1 b6 35. Qe2 Bd7 36. Rc8+ Kf7 37. Rh8 Be6 38. Rxh7+ Kg8 39. Rg7+ Kh8 40. Qb5 Qxb3 41. Qe8+ Bg8 42. Ra7 Qc4+ 43. Kf2 d3+ 44. Kg3 Qe6 45. Bg7+ Kh7 46. Bf8+ Kh8 47. Bxc5 bxc5 48. Qf8 f4+ 49. Qxf4 g5 50. Qxg5 Qe1+ 51. Kg4 Qb4+ 1-0

[Event "COL-ch28"]
[Site "Manizales"]
[Date "1979.??.??"]
[Round "15"]
[White "Garcia, Luis E"]
[Black "Betancourt Giraldo, David Rogelio"]
[Result "1-0"]
[WhiteElo "2375"]
[BlackElo "2350"]
[PlyCount "89"]
[EventDate "1979.??.??"]
[EventType "tourn"]
[EventRounds "15"]
[EventCountry "COL"]
[EventCategory "2"]
[SourceTitle "EXT 2003"]
[Source "ChessBase"]
[SourceDate "2002.11.25"]
[SourceVersion "1"]
[SourceVersionDate "2002.11.25"]
[SourceQuality "1"]

1. d4 d6 2. Nf3 Nf6 3. c4 Nbd7 4. Nc3 e5 5. g3 c6 6. Bg2 Be7 7. 0-0 0-0 8. Qc2 Re8 9. Rd1 Qc7 10. b3 Bf8 11. e3 e4 12. Ne1 d5 13. cxd5 cxd5 14. Nxe4 Qxc2 15. Nxf6+ Nxf6 16. Nxc2 Bf5 17. Ne1 Bb4 18. Bb2 Rac8 19. Rac1 Ne4 20. Nd3 Bc3 21. Ba3 Ba5 22. Nf4 Nc3 23. Rxc3 Bxc3 24. Nxd5 Bc2 25. Rf1 Kh8 26. Bh3 f5 27. Ne7 Bb2 28. Bb4 a5 29. Nxc8 axb4 30. Nb6 g6 31. Bg2 Bc3 32. Rc1 Bd3 33. Bf1 Be4 34. Bg2 Re6 35. Na4 Bxg2 36. Kxg2 Rc6 37. Kf3 Kg7 38. Ke2 b5 39. Nxc3 bxc3 40. b4 Ra6 41. Rc2 Kf6 42. Kd3 Ra3 43. f3 g5 44. e4 g4 45. e5+ 1-0

[Event "COL-ch28"]
[Site "Manizales"]
[Date "1979.??.??"]
[Round "6"]
[White "Garcia, Luis E"]
[Black "Zapata, Alonso"]
[Result "0-1"]
[WhiteElo "2375"]
[BlackElo "2375"]
[PlyCount "122"]
[EventDate "1979.??.??"]
[EventType "tourn"]
[EventRounds "15"]
[EventCountry "COL"]
[EventCategory "2"]
[SourceTitle "EXT 2003"]
[Source "ChessBase"]
[SourceDate "2002.11.25"]
[SourceVersion "1"]
[SourceVersionDate "2002.11.25"]
[SourceQuality "1"]

1. c4 g6 2. Nc3 Bg7 3. g3 e5 4. Bg2 Ne7 5. e3 0-0 6. Nge2 c6 7. d4 d6 8. 0-0 f5 9. dxe5 dxe5 10. b3 Qc7 11. Ba3 Rd8 12. Qc2 Be6 13. Rfd1 Na6 14. Rac1 Bf8 15. Na4 Bf7 16. f4 Bg7 17. Qb1 Rxd1+ 18. Rxd1 Rd8 19. Nac3 e4 20. Rxd8+ Qxd8 21. Qd1 Qxd1+ 22. Nxd1 c5 23. g4 b6 24. gxf5 gxf5 25. Ng3 Be6 26. Bh3 Kf7 27. Kf2 Bc8 28. Ke2 Kg6 29. Kd2 Nb4 30. Bxb4 cxb4 31. Nf2 Ba6 32. Bf1 Bc3+ 33. Kd1 Bf6 34. Be2 Kf7 35. Bh5+ Ke6 36. Be8 Kd6 37. Nfh1 b5 38. cxb5 Bc8 39. Bf7 Be6 40. Bxe6 Kxe6 41. Ne2 Nd5 42. Kd2 Bc3+ 43. Nxc3 bxc3+ 44. Kc2 Nxe3+ 45. Kxc3 Nd5+ 46. Kd4 Nxf4 47. Ng3 h5 48. h4 Kf6 49. a4 Ne6+ 50. Kc3 Ke5 51. Nxh5 f4 52. b4 f3 53. a5 Nc7 54. b6 axb6 55. axb6 Nd5+ 56. Kd2 Nxb6 57. Ng3 Nc4+ 58. Ke1 Kf4 59. Nf1 e3 60. h5 e2 61. h6 Ne3 0-1

[Event "Santa Fe Bogota 4th"]
[Site "Bogota"]
[Date "1979.??.??"]
[Round "1"]
[White "Garcia, Luis E"]
[Black "Zapata, Alonso"]
[Result "1-0"]
[WhiteElo "2375"]
[BlackElo "2375"]
[PlyCount "115"]
[EventDate "1979.??.??"]
[EventType "tourn"]
[EventRounds "15"]
[EventCountry "COL"]
[EventCategory "7"]
[SourceTitle "EXT 2003"]
[Source "ChessBase"]
[SourceDate "2002.11.25"]
[SourceVersion "1"]
[SourceVersionDate "2002.11.25"]
[SourceQuality "1"]

1. c4 g6 2. Nc3 Bg7 3. Nf3 Nf6 4. g3 d6 5. d4 0-0 6. Bg2 Nc6 7. 0-0 a6 8. h3 Rb8 9. e4 b5 10. e5 dxe5 11. dxe5 Qxd1 12. Rxd1 Nd7 13. e6 fxe6 14. cxb5 axb5 15. Be3 Nb6 16. Ng5 Na5 17. Bd4 h6 18. Bxg7 Kxg7 19. Nf3 Nbc4 20. b3 Nd6 21. Ne5 Rf5 22. Nd3 Bb7 23. Re1 Bxg2 24. Kxg2 Nc6 25. Rxe6 Kf7 26. Rae1 Rf6 27. Ne5+ Nxe5 28. R6xe5 e6 29. Rc5 Rb7 30. Ne4 Rf5 31. Rxc7+ Rxc7 32. Nxd6+ Ke7 33. Nxf5+ gxf5 34. Re5 Rb7 35. b4 Kd6 36. Rc5 Ra7 37. Rxb5 Rxa2 38. g4 fxg4 39. hxg4 Rb2 40. Kg3 Rb3+ 41. f3 Kc6 42. Rh5 Rxb4 43. Rxh6 Kd7 44. Rf6 Ke7 45. Rf4 Rb8 46. g5 Rb6 47. Kg4 Rb1 48. Kh5 Rh1+ 49. Kg6 Rh3 50. Rf7+ Ke8 51. Kg7 Rg3 52. g6 Rh3 53. Kg8 Rg3 54. g7 Rh3 55. f4 Rh5 56. Ra7 Rh4 57. f5 Rh3 58. Ra6 1-0

[Event "Santa Fe Bogota 4th"]
[Site "Bogota"]
[Date "1979.??.??"]
[Round "7"]
[White "Minaya Molano, Juan M"]
[Black "Garcia, Luis E"]
[Result "1/2-1/2"]
[WhiteElo "2350"]
[BlackElo "2375"]
[PlyCount "41"]
[EventDate "1979.??.??"]
[EventType "tourn"]
[EventRounds "15"]
[EventCountry "COL"]
[EventCategory "7"]
[SourceTitle "EXT 2003"]
[Source "ChessBase"]
[SourceDate "2002.11.25"]
[SourceVersion "1"]
[SourceVersionDate "2002.11.25"]
[SourceQuality "1"]

1. d4 Nf6 2. Bg5 e6 3. e4 h6 4. Bxf6 Qxf6 5. Nf3 d6 6. Nc3 Nd7 7. Qd2 a6 8. 0-0-0 b5 9. e5 Qe7 10. Bd3 Bb7 11. Ne4 Bxe4 12. Bxe4 d5 13. Bd3 c5 14. dxc5 Nxc5 15. Kb1 Qc7 16. h4 0-0-0 17. Qe2 Be7 18. Nd4 Qb6 19. c3 h5 20. Bc2 Rd7 21. f4 1/2-1/2

[Event "Havana Juventud Rebelde 3rd"]
[Site "Havana"]
[Date "1978.05.02"]
[Round "17"]
[White "Diaz Diaz, Joaquin Carlos"]
[Black "Garcia, Luis E"]
[Result "1/2-1/2"]
[WhiteElo "2340"]
[BlackElo "2325"]
[PlyCount "124"]
[EventDate "1978.04.12"]
[EventType "tourn"]
[EventRounds "17"]
[EventCountry "CUB"]
[SourceTitle "EXT 2023"]
[Source "ChessBase"]
[SourceDate "2022.10.05"]
[SourceVersion "1"]
[SourceVersionDate "2022.10.05"]
[SourceQuality "1"]

1. e4 c5 2. Nf3 Nc6 3. d4 cxd4 4. Nxd4 g6 5. Nc3 Bg7 6. Be3 Nf6 7. Bc4 0-0 8. Bb3 d6 9. h3 Bd7 10. 0-0 Qa5 11. Re1 Rac8 12. Nxc6 Bxc6 13. Nd5 Rfe8 14. Bd4 Nd7 15. Bxg7 Kxg7 16. Qd4+ Kg8 17. Qe3 Kg7 18. Qd4+ Kg8 19. Re3 Nc5 20. Bc4 Nd7 21. b4 Qd8 22. Bb3 a5 23. bxa5 Qxa5 24. Rae1 Qc5 25. Qd2 Kg7 26. Kh2 e6 27. Nb4 Red8 28. Nd3 Qd4 29. c3 Qa7 30. Rf3 Qb8 31. Qf4 Rf8 32. Qh4 Rce8 33. Nf4 Qd8 34. Qxd8 Rxd8 35. Bxe6 Ne5 36. Rfe3 fxe6 37. Nxe6+ Kf6 38. Nxd8 Rxd8 39. f4 Nc4 40. Rd3 Ra8 41. Re2 Ra3 42. Kg1 Ke6 43. Rf3 b5 44. Kf2 Ra4 45. g4 Nb6 46. Rfe3 Rc4 47. Kg3 Na4 48. e5 Rxc3 49. f5+ gxf5 50. gxf5+ Kxf5 51. exd6 b4 52. Kh4 Rxe3 53. Rxe3 Nc5 54. Re7 Bd7 55. Rxh7 Ke6 56. Rh6+ Kd5 57. Rf6 Be6 58. Rf2 Kxd6 59. Rb2 b3 60. axb3 Nxb3 61. Kg5 Bxh3 62. Rxb3 Be6 1/2-1/2

[Event "Havana Juventud Rebelde 3rd"]
[Site "Havana"]
[Date "1978.04.23"]
[Round "11"]
[White "Garcia, Luis E"]
[Black "Andres Mendez, Miguel"]
[Result "0-1"]
[WhiteElo "2325"]
[BlackElo "2345"]
[PlyCount "42"]
[EventDate "1978.04.12"]
[EventType "tourn"]
[EventRounds "17"]
[EventCountry "CUB"]
[SourceTitle "EXT 2023"]
[Source "ChessBase"]
[SourceDate "2022.10.05"]
[SourceVersion "1"]
[SourceVersionDate "2022.10.05"]
[SourceQuality "1"]

1. c4 g6 2. Nc3 Bg7 3. g3 c5 4. Bg2 Nc6 5. e4 Nf6 6. Nge2 0-0 7. 0-0 d6 8. h3 Ne8 9. d3 Nc7 10. g4 Rb8 11. f4 b5 12. f5 Ba6 13. cxb5 Nxb5 14. fxg6 hxg6 15. h4 Ne5 16. Nf4 e6 17. g5 Nxc3 18. bxc3 Qa5 19. Bd2 Nxd3 20. c4 Qa3 21. Nxd3 Qxd3 0-1

[Event "Havana Juventud Rebelde 3rd"]
[Site "Havana"]
[Date "1978.04.21"]
[Round "9"]
[White "Garcia, Luis E"]
[Black "Lebredo Zaragoitia, Gerardo"]
[Result "1-0"]
[WhiteElo "2325"]
[BlackElo "2385"]
[PlyCount "67"]
[EventDate "1978.04.12"]
[EventType "tourn"]
[EventRounds "17"]
[EventCountry "CUB"]
[SourceTitle "EXT 2023"]
[Source "ChessBase"]
[SourceDate "2022.10.05"]
[SourceVersion "1"]
[SourceVersionDate "2022.10.05"]
[SourceQuality "1"]

1. c4 e5 2. Nc3 d6 3. g3 Nf6 4. Bg2 g6 5. Nf3 Bg7 6. 0-0 0-0 7. d4 Nbd7 8. Qc2 exd4 9. Nxd4 c6 10. b3 Qa5 11. h3 Re8 12. Rd1 Qh5 13. Bf4 Ne5 14. g4 Nfxg4 15. hxg4 Bxg4 16. Ne4 c5 17. Ng3 Qh4 18. Qd2 h6 19. Nb5 g5 20. Be3 Bd7 21. Nxd6 Ng4 22. Bxc5 Bc6 23. e4 Red8 24. Qe2 Bxa1 25. Rxa1 Rd7 26. Nf1 Nf6 27. Nf5 Qf4 28. Re1 Kh7 29. Be3 Qe5 30. N1g3 Re8 31. Bc1 Kg6 32. Bb2 Qe6 33. Ng7 Kxg7 34. Nh5+ 1-0

[Event "Havana Juventud Rebelde 3rd"]
[Site "Havana"]
[Date "1978.04.17"]
[Round "6"]
[White "Nogueiras Santiago, Jesus"]
[Black "Garcia, Luis E"]
[Result "1/2-1/2"]
[WhiteElo "2385"]
[BlackElo "2325"]
[PlyCount "48"]
[EventDate "1978.04.12"]
[EventType "tourn"]
[EventRounds "17"]
[EventCountry "CUB"]
[SourceTitle "EXT 2023"]
[Source "ChessBase"]
[SourceDate "2022.10.05"]
[SourceVersion "1"]
[SourceVersionDate "2022.10.05"]
[SourceQuality "1"]

1. e4 c5 2. Nf3 Nc6 3. c3 Nf6 4. e5 Nd5 5. d4 cxd4 6. cxd4 d6 7. exd6 Qxd6 8. Nc3 e6 9. Bd3 Be7 10. 0-0 0-0 11. Ne4 Qd8 12. a3 b6 13. Qe2 Bb7 14. Be3 Rc8 15. Rad1 Qc7 16. Bb1 Nf4 17. Bxf4 Qxf4 18. d5 exd5 19. Nc3 d4 20. Nd5 Qd6 21. Qe4 g6 22. Nxd4 Rfe8 23. Nb5 Qb8 24. Rfe1 Kg7 1/2-1/2

[Event "Bogota"]
[Site "Bogota"]
[Date "1978.??.??"]
[Round "?"]
[White "Geller, Efim P"]
[Black "Garcia, Luis E"]
[Result "1-0"]
[WhiteElo "2590"]
[BlackElo "2325"]
[PlyCount "65"]
[EventDate "1978.03.11"]
[EventType "tourn"]
[EventRounds "15"]
[EventCountry "COL"]
[EventCategory "7"]
[SourceTitle "EXT 1998"]
[Source "ChessBase"]
[SourceDate "1997.11.17"]
[SourceVersion "1"]
[SourceVersionDate "1997.11.17"]
[SourceQuality "1"]

1. e4 c5 2. Nf3 Nc6 3. d4 cxd4 4. Nxd4 g6 5. c4 Nf6 6. Nc3 Nxd4 7. Qxd4 d6 8. Bg5 Bg7 9. Qd2 Be6 10. Rc1 0-0 11. Bd3 Qa5 12. 0-0 Rfc8 13. b3 a6 14. Rfe1 b5 15. Nd5 Qxd2 16. Bxd2 Bxd5 17. exd5 bxc4 18. Bxc4 Kf8 19. b4 Ng4 20. h3 Bh6 21. Bxh6+ Nxh6 22. Bd3 Rcb8 23. a3 Ra7 24. Rc6 a5 25. b5 Nf5 26. b6 Rab7 27. Rb1 Nd4 28. Ba6 Rd7 29. Rc8+ Rd8 30. Rxd8+ Rxd8 31. b7 Rb8 32. Kf1 e6 33. Rc1 1-0